000 01216cam a2200253 4500
001 ABS67741
008 040416n2004 000 0 eng u
035 _a(Sirsi) u125852
100 _aPrior, T.
245 _aVision
260 _c2004
490 _aEstates Gazette
_v(0415) 10 April 2004, 90-92(3)
520 _aTwo part article on professional indemnity insurance issues. "Forewarned is forearmed" recommends steps which chartered surveyors can take to reduce the risk of a claim. These include looking carefully at non-standard terms of agreement, understanding instructions, avoiding the use of assumptions without further clarification with client, practising good communication skills and keeping good written records. "The cost of accidents waiting to happen" accounts for the rise in professional indemnity insurance premiums blaming factors such as terrorism, the legacy of corporate scandals and the threat of a property slump.
590 _aABS
590 _aABS
650 _aPROFESSIONAL INDEMNITY
650 _aPREMIUMS
650 _aRISK MANAGEMENT
650 _aCOMMUNICATION
650 _aRECORDS MANAGEMENT
690 _aINSURANCE
_96249
700 _aDavies, J.
942 _n0
999 _c117206
_d117206